000 00320nam a2200133Ia 4500
001 10584
003 GE_BSU
008 181216s||||||||xx |||||||||||||| ||und||
040 _cGE_BSU
100 _aClarke,Simon
245 _aIn company pre-intermediate:TEACHER'S BOOK
653 _aIn company pre-intermediate.
942 _cBK
999 _c43836
_d43836